Hồ sơ mật về Osama Bin Laden và mạng lưới khủng bố quốc tế
Сохранить в:
| Формат: | |
|---|---|
| Язык: | Vietnamese |
| Опубликовано: |
Thông tấn
2001
|
| Предметы: | |
| Метки: |
Добавить метку
Нет меток, Требуется 1-ая метка записи!
|
| Thư viện lưu trữ: | Mạng thư viện Đại học Đà Nẵng |
|---|
| LEADER | 01075nam a2200301 a 4500 | ||
|---|---|---|---|
| 001 | 000002305 | ||
| 003 | 04231 | ||
| 005 | 20171229145311.0 | ||
| 008 | 171229s2001 vie | ||
| 040 | |a LSK | ||
| 041 | 0 | |a VIE | |
| 082 | 0 | |a 303.625 |b JA-R | |
| 245 | 0 | 0 | |a Hồ sơ mật về Osama Bin Laden và mạng lưới khủng bố quốc tế |c Roland. Jacquard; Hoàng Khánh và Vũ Hiền Thảo dịch |
| 260 | |b Thông tấn |c 2001 | ||
| 300 | |a 275 pages |c 19 cm. | ||
| 653 | |a Chính trị - Vùng Vịnh - Nhân vật và sự kiện - Bin Laden | ||
| 852 | |a Phòng Đọc | ||
| 901 | |a 2 | ||
| 927 | |a Sách tham khảo | ||
| OWN | |a LSK | ||
| AVA | |a UDN50 |b LSK |d 303.625 JA-R |e available |t Error 5001 Not defined in file expand_doc_bib_avail. |f 2 |g 0 |h N |i 0 |k 1 | ||
| 999 | |a From the UDN01 | ||
| AVA | |a UDN50 |b LSK |d 303.625 JA-R |e available |t Error 5001 Not defined in file expand_doc_bib_avail. |f 2 |g 0 |h N |i 0 |k 1 | ||
| TYP | |a Monograph | ||
| TYP | |a Printed language | ||
| 980 | |a Mạng thư viện Đại học Đà Nẵng | ||